01206 2200433 4500001002100000005001500021035002500036007000300061008004100064020001800105040001700123082001800140084002000158090002400178090002400202090002200226100002000248245006300268250003100331260002800362300005100390500001100441650001600452850001200468504003300480651005200513990001700565990001600582990001600598990002000614990002000634990001700654990001600671990001600687990002000703990001700723990001600740990001600756YOGYA00000000009934820200318092028 a0010-101300000000229ta131009s1997 jkia g e | ind d a979-8391-64-0 aYOPDYOGbind04222a305.89598 a305.89598 ZUL e aNUS 305.89598 ZUL e aNUS 305.89598 ZUL e aR 305.89598 ZUL e0 aZulyani Hidayah10aEnsiklopedi :bsuku bangsa di Indonesia /cZulyani Hidayah aCetakan pertama, Juli 1997 aJakarta :bLP3ES,c1997 axxvii, 302 halaman :bilustrasi, peta ;c21 cm aIndeks 4aEnsiklopedi aYOPDYOG aBibliografi: halaman 285-293 4aIndonesia--xKehidupan sosial dan adat istiadat a3361-PD/B.13 a335-PD/B.13 a354-PD/B.13 a66356-PD/A.2020 a66356-PD/A.2020 a3361-PD/B.13 a335-PD/B.13 a354-PD/B.13 a66356-PD/A.2020 a3361-PD/B.13 a335-PD/B.13 a354-PD/B.13